Hojas selectas : revista para todos : año noveno /
Revista española que apareció a principios del siglo XX de periodicidad mensual y que se compilaba en tomos anuales. La duración de esta publicación fue de veinte años, de 1902 a 1921, y fue el origen de las enciclopedias que publicara la editorial Salvat. La obra reúne temas muy diversos y variados...
Na minha lista:
| Formato: | Livro |
|---|---|
| Idioma: | espanhol |
| Publicado em: |
Barcelona, España :
Salvat,
1910, c1910
|
| Colecção: | (Biblioteca Salvat)
|
| Assuntos: | |
| Tags: |
Sem tags, seja o primeiro a adicionar uma tag!
|
MARC
| LEADER | 00000nam^a2200000^a^4500 | ||
|---|---|---|---|
| 001 | 000359951 | ||
| 005 | 20250526000000.0 | ||
| 009 | 20260310115411.424 | ||
| 037 | |a Acervo ITESO - Biblioteca | ||
| 041 | |a ESP | ||
| 082 | |a 036. 1 |b HOJ V. 9 | ||
| 245 | 0 | 0 | |a Hojas selectas : |b revista para todos : año noveno / |
| 264 | 4 | |a Barcelona, España : |b Salvat, |c 1910, c1910 | |
| 300 | |a 1156 p. ; |c 24.5 cm. | ||
| 336 | |a texto |b txt |2 rdacontenido | ||
| 337 | |a sin mediación |b n |2 rdamedio | ||
| 338 | |a volumen |b nc |2 rdasoporte | ||
| 440 | 1 | |a (Biblioteca Salvat) | |
| 520 | |a Revista española que apareció a principios del siglo XX de periodicidad mensual y que se compilaba en tomos anuales. La duración de esta publicación fue de veinte años, de 1902 a 1921, y fue el origen de las enciclopedias que publicara la editorial Salvat. La obra reúne temas muy diversos y variados de la literatura y el arte, la ciencia, excursiones, viajes, descubrimientos e inventos, de la historia, sucesos, eventos, curiosidades y biografías, política y noticias de la época. Los artículo se encuentran profusamente ilustrado principalmente en blanco y negro y en cada uno de los volúmenes se organiza la información conforme a la cronología en la que fueron publicados los números individuales pero manteniendo una sola paginación. | ||
| 649 | |a XX | ||
| 650 | |a Industria | ||
| 650 | |a Sectores Económicos | ||
| 650 | |a Animales | ||
| 650 | |a Fotografía de Animales | ||
| 650 | |a Fotografía - |x Historia y Crítica | ||
| 650 | |a Historietas y Caricaturas | ||
| 650 | |a Música - |y Siglo XX | ||
| 650 | |a Cuentos | ||
| 650 | |a Novela - |y Siglo XX | ||
| 650 | |a Prosa Literaria | ||
| 650 | |a Poesía - |y Siglo XX | ||
| 650 | |a Literatura - |x Historia y Crítica | ||
| 650 | |a Literatura - |y Siglo XX | ||
| 650 | |a Arte - |y Siglo XX | ||
| 650 | |a Arte - |x Historia y Crítica | ||
| 650 | |a Viajes y Travesías | ||
| 650 | |a Geografía Política - |z América | ||
| 650 | |a Geografía Política - |z Africa | ||
| 650 | |a Geografía Política - |z Europa | ||
| 650 | |a Moda - |x Historia | ||
| 650 | |a Prácticas Culturales | ||
| 650 | |a Antropología Cultural | ||
| 650 | |a Política - |z América - |x Historia | ||
| 650 | |a Política - |z Inglaterra - |x Historia | ||
| 650 | |a Política - |z Europa - |x Historia | ||
| 650 | |a Historia Natural | ||
| 650 | |a Historia Universal | ||
| 650 | |a Tecnología - |x Historia | ||
| 650 | |a Ciencia | ||
| 650 | |a Enciclopedias y Diccionarios - |x Tema Principal | ||
| 650 | |a Bismarck, Otto von | ||
| 650 | |a Cortés, Hernán | ||
| 650 | |a Cromwell, Oliver | ||
| 650 | |a Murillo, Bartolomé Esteban | ||
| 650 | |a Cicerón, Marco Tulio | ||
| 650 | |a Linneo, Carolus | ||
| 650 | |a Gama, Vasco de | ||
| 650 | |a Tell, Guillermo | ||
| 650 | |a Mozart, Wolfgang Amadeus | ||
| 650 | |a Balmes, Jaime | ||
| 650 | |a Jovellanos, Gaspar Melchor de | ||
| 910 | |a Fondo General | ||
| 920 | |a Impresos - Libros | ||
| 930 | |a Libros Antiguos y Raros | ||
| 905 | |a 108 | ||
| 901 | |a 0500253223 |b IT2 |c LRA |u 20250526 | ||
| 902 | |a https://opac.biblio.iteso.mx/vufind/Record/000359951 | ||